Mechanics: from Newton's laws to deterministic chaos

Saved in:
Bibliografiske detaljer
Hovedforfatter: Scheck, Florian (Author)
Format: Bog
Sprog:engelsk
Udgivet: Berlín Springer 1996
Udgivelse:3a. ed
Fag:
Tags: Tilføj Tag
Ingen Tags, Vær først til at tagge denne postø!

MARC

LEADER 00000nam a2200000 a 4500
001 UCK2124
003 CL-VaPUC
005 20230911152224.0
008 041217e19960000GW |||||||||||||||||eng|d
999 |c 311778  |d 311776 
020 |a 3540655581 
040 |c Pontificia Universidad Católica de Valparaíso 
082 0 4 |a 530.1  |b SCH  |2 21 
100 0 |a Scheck, Florian  |e author  |9 489961 
245 1 0 |a Mechanics: from Newton's laws to deterministic chaos 
250 |a 3a. ed 
260 |a Berlín  |b Springer  |c 1996 
300 |a 528 p 
583 |a last modification  |c 20041217 00:00:00  |k Rodrigo Vera 
600 0 |a Newton, Isaac,   |d 1642-1727  |9 875680 
650 7 |a FISICA MECANICA  |2 CL-VaPUC  |9 476843 
650 0 |a Física teórica  |9 345827 
650 0 |a Espacio y tiempo  |9 265042 
942 |c BK  |2 ddc 
945 |d 20041217 00:00:00  |a cmena 
952 |0 0  |1 0  |4 0  |6 530_100000000000000_SCH_1996  |7 0  |8 A  |9 381419  |a BIBCUR  |b BIBCUR  |d 2019-11-21  |i 4088700  |o 530.1 SCH 1996  |p 4088700  |r 2025-04-22  |w 2019-11-21  |y BK  |k FIS